书目信息 |
| 题名: |
完备李代数
|
|
| 作者: | 孟道骥 著 | |
| 分册: | ||
| 出版信息: | 北京 科学出版社 2001 |
|
| 页数: | 129页 | |
| 开本: | 20cm | |
| 丛书名: | 当代数学园地9 | |
| 单 册: | ||
| 中图分类: | O152.5 | |
| 科图分类: | ||
| 主题词: | 代数 , 数论 , 组合数学 | |
| 电子资源: | ||
| ISBN: | 7-03-008258-3 | |
| 000 | 00606nam0 2200229 450 | |
| 001 | 0732828906 | |
| 005 | 20070903090708.90 | |
| 010 | @a7-03-008258-3@d¥10.00 | |
| 100 | @a20070903d km y0chiy0120 ea | |
| 101 | 0 | @achi |
| 200 | 1 | @a完备李代数@Awan bei li dai shu@f孟道骥著@Fmeng dao ji zhu |
| 210 | @a北京@c科学出版社@d2001 | |
| 215 | @a129页@d20cm | |
| 225 | 2 | @a当代数学园地9 |
| 410 | 0 | @12001 @a当代数学园地9 |
| 606 | 0 | @a代数 |
| 606 | 0 | @a数论 |
| 606 | 0 | @a组合数学 |
| 690 | @aO152.5@v3 | |
| 701 | 0 | @a孟道骥@Ameng dao ji@4著 |
| 801 | 0 | @aCN@bPFT@c20070903 |
| 905 | @a213230@dO152.5@eS240@f1 | |
| 完备李代数/孟道骥著.-北京:科学出版社,2001 |
| 129页;20cm.-(当代数学园地9) |
| ISBN 7-03-008258-3:¥10.00 |
| ● |
| 相关链接 |
|
|
|
|
正题名:完备李代数
索取号:O152.5/S240
 
预约/预借
| 序号 | 登录号 | 条形码 | 馆藏地/架位号 | 状态 | 备注 |
| 1 | 6701789 | 267017890 | 数信系资料室/ [索取号:O152.5/S240] | 在馆 | |
| 2 | 6701790 | 267017907 | 数信系资料室/ [索取号:O152.5/S240] | 在馆 | |
| 3 | 6701791 | 267017916 | 数信系资料室/ [索取号:O152.5/S240] | 在馆 |